000 00772nam a2200253Ia 4500
003 OSt
005 20220927105716.0
006 a|||||r|||| 00| 0
007 ta
008 220926b |||||||| |||| 00| 0 eng d
024 _a200886
037 _cReference Collections
040 _aRTL
_cRTL
_beng
041 _2eng
_aeng
082 _a"a49t,12,N73-N47, L5.4/RR"
100 _aVirendra Kumar
_9374292
245 0 _aCommittees and Commissions in India
260 _aDelhi
_bConcept Pblishing Company
_c1977
300 _a377p
_ccm.
500 _aAppendix: P 292-95
650 _aCommittees and Commissions
_9374293
942 _h"a49t,12,N73-N47, L5.4/RR"
_cCC
999 _c693996
_d693996